Online Catalogue and eLibrary

Viwahaya ha dikkasadaya (Record no. 5111)

MARC details
000 -LEADER
fixed length control field 00421nam a2200181Ia 4500
005 - DATE AND TIME OF LATEST TRANSACTION
control field 20250624033215.0
008 - FIXED-LENGTH DATA ELEMENTS--GENERAL INFORMATION
fixed length control field 240331s9999 xx 000 0 und d
020 ## - INTERNATIONAL STANDARD BOOK NUMBER
ISBN 9559263013
082 ## - DDC Classification
Item Number - Author Mark DAL
Class No. 340
100 ## - MAIN ENTRY--PERSONAL NAME
Personal name Daluwatte,C
245 #0 - TITLE STATEMENT
Title Viwahaya ha dikkasadaya
260 ## - PUBLICATION, DISTRIBUTION, ETC.
Place of publication, distribution, etc. Colombo
Name of publisher, distributor, etc. Ruhunu Book Publishers
Date of publication, distribution, etc. 1994
300 ## - PHYSICAL DESCRIPTION
Extent (e.g. Volumes, Pages etc.) 315 p .,
650 ## - SUBJECT ADDED ENTRY--TOPICAL TERM
Topical term or geographic name entry element marriage
650 ## - SUBJECT ADDED ENTRY--TOPICAL TERM
Topical term or geographic name entry element Divorce
650 ## - SUBJECT ADDED ENTRY--TOPICAL TERM
Topical term or geographic name entry element Law
942 ## - Koha item type (Biblio)
Koha item type Books in Stacks (Lending)
Holdings
Lost status Damaged status Collection code Home library Current library Shelving location Date acquired Full call number Accession Number Item type
    Lending WERC Library WERC Library Social Science Cupboard 03/31/2024 340 DAL 4674 Books in Stacks (Lending)

© WERC Library